|
|
|
|
| LEADER |
02540cas a2200313 a 4500 |
| 001 |
AALejournalIMF023097 |
| 008 |
230101c9999 xx r poo 0 0eng d |
| 020 |
|
|
|c 5.00 USD
|
| 020 |
|
|
|z 9798400212307
|
| 022 |
|
|
|a 2789-0600
|
| 040 |
|
|
|a BD-DhAAL
|c BD-DhAAL
|
| 100 |
1 |
|
|a Parry, Ian.
|
| 245 |
1 |
0 |
|a Carbon Taxes or Emissions Trading Systems? :
|b Instrument Choice and Design /
|c Ian Parry, Simon Black, Karlygash Zhunussova.
|
| 264 |
|
1 |
|a Washington, D.C. :
|b International Monetary Fund,
|c 2022.
|
| 300 |
|
|
|a 1 online resource (25 pages)
|
| 490 |
1 |
|
|a Staff Climate Notes
|
| 500 |
|
|
|a <strong>Off-Campus Access:</strong> No User ID or Password Required
|
| 500 |
|
|
|a <strong>On-Campus Access:</strong> No User ID or Password Required
|
| 506 |
|
|
|a Electronic access restricted to authorized BRAC University faculty, staff and students
|
| 520 |
3 |
|
|a Carbon pricing should be a central element of climate mitigation strategies, helping countries transition to 'net zero' greenhouse gas emissions over the next three decades. Policymakers considering introducing or scaling up carbon pricing face technical choices between carbon taxes and emissions trading systems (ETSs) and in their design. This includes administration, price levels, relation to other mitigation instruments, use of revenues to address efficiency and distributional objectives, supporting measures to address competitiveness concerns, extension to broader emissions sources, and coordination at the global level. Political economy considerations also affect the choice and design of instruments. This paper discusses such issues in the choice between and design of carbon taxes and ETSs, providing guidance, broader considerations, and quantitative analyses. Overall, carbon taxes have significant practical advantages over ETSs (especially for developing countries) due to ease of administration, price certainty to promote investment, the potential to raise significant revenues, and coverage of broader emissions sources-but ETSs can have significant political economy advantages.
|
| 538 |
|
|
|a Mode of access: Internet
|
| 650 |
|
7 |
|a Foreign Exchange
|2 imf
|
| 650 |
|
7 |
|a Informal Economy
|2 imf
|
| 650 |
|
7 |
|a Nonrenewable Resources and Conservation
|2 imf
|
| 650 |
|
7 |
|a Underground Econom
|2 imf
|
| 700 |
1 |
|
|a Black, Simon.
|
| 700 |
1 |
|
|a Zhunussova, Karlygash.
|
| 830 |
|
0 |
|a Staff Climate Notes; Staff Climate Note ;
|v No 2022/006
|
| 856 |
4 |
0 |
|z Full text available on IMF
|u https://elibrary.imf.org/openurl?genre=journal&issn=2789-0600&volume=2022&issue=006
|z IMF e-Library
|